[Event "Titled Tuesday intern op 27th Feb Late"]
[Site "Chess.com INT"]
[Date "2024.02.27"]
[Round "4"]
[White "Rubio Tent, Francisco"]
[Black "Mendes, Aaron Reeve"]
[Result "1-0"]
[WhiteElo "2283"]
[BlackElo "2309"]
[PlyCount "153"]
[EventDate "2024.02.27"]
[EventType "swiss (blitz)"]
[EventRounds "11"]
[EventCountry "USA"]
[SourceTitle "CB10_2024"]
[SourceDate "2024.03.06"]
[SourceVersion "1"]
[SourceVersionDate "2024.03.06"]
[SourceQuality "1"]

1. e4 c5 2. Nf3 d6 3. c3 Nf6 4. Be2 g6 5. 0-0 Bg7 6. Re1 0-0 7. Bf1 Nbd7 8. d4 cxd4 9. cxd4 a6 10. h3 b5 11. a4 b4 12. Bg5 Bb7 13. e5 dxe5 14. dxe5 Nd5 15. a5 Nc5 16. Nbd2 Qd7 17. Nb3 Rfc8 18. Rc1 Ne6 19. Bd2 Qe8 20. Nfd4 Rxc1 21. Bxc1 Rc8 22. Nxe6 fxe6 23. Nd4 Qf7 24. Qg4 Bxe5 25. Rxe5 Rxc1 26. Nxe6 Bc8 27. Rxd5 Bxe6 28. Rd8+ Kg7 29. Qd4+ Qf6 30. Qd2 Rb1 31. Qxb4 Rxb2 32. Qe1 Bf5 33. Rd1 Bc2 34. Rc1 Bf5 35. Qe3 Qe6 36. Qxe6 Bxe6 37. Rc6 Bf5 38. Bxa6 Rb1+ 39. Kh2 Ra1 40. Rc5 Ra2 41. Kg3 h5 42. Bb7 h4+ 43. Kxh4 Ra3 44. f3 Kf6 45. Kg3 e5 46. a6 Bd3 47. Rd5 Bc4 48. Rc5 Bd3 49. Rd5 Bc4 50. Rd6+ Kf5 51. Bc8+ Kg5 52. h4+ Kh5 53. Bb7 Bd3 54. Rxd3 Rxd3 55. a7 Ra3 56. a8Q Rxa8 57. Bxa8 e4 58. Bxe4 g5 59. hxg5 Kxg5 60. Kf2 Kf6 61. g4 Kg7 62. Ke3 Kh8 63. f4 Kg7 64. Kf3 Kh8 65. Bd3 Kg7 66. Bc2 Kh8 67. Bd1 Kg7 68. f5 Kh8 69. Kf4 Kg7 70. g5 Kh8 71. f6 Kg8 72. Kf5 Kh8 73. Kg6 Kg8 74. Kh6 Kh8 75. g6 Kg8 76. Bb3+ Kh8 77. g7# 1-0

[Event "Titled Tuesday intern op 13th Feb Late"]
[Site "Chess.com INT"]
[Date "2024.02.13"]
[Round "3"]
[White "Rubio Tent, Francisco"]
[Black "Kosteniuk, Alexandra"]
[Result "0-1"]
[WhiteElo "2283"]
[BlackElo "2501"]
[PlyCount "106"]
[EventDate "2024.02.13"]
[EventType "swiss (blitz)"]
[EventRounds "11"]
[EventCountry "USA"]
[SourceTitle "CB08_2024"]
[SourceDate "2024.02.21"]
[SourceVersion "1"]
[SourceVersionDate "2024.02.21"]
[SourceQuality "1"]

1. d4 f5 2. e4 fxe4 3. f3 d5 4. Nc3 Nf6 5. Bg5 Bf5 6. Qd2 Nc6 7. 0-0-0 Qd7 8. Bb5 a6 9. Ba4 b5 10. Bxf6 gxf6 11. Bb3 e6 12. fxe4 dxe4 13. d5 Na5 14. Qf2 Nxb3+ 15. axb3 Bh6+ 16. Kb1 0-0 17. Nge2 e5 18. Ng3 Bg6 19. Ngxe4 f5 20. Nc5 Qd6 21. Ne6 Rf7 22. Qh4 Bg7 23. Rhe1 e4 24. Nxg7 Rxg7 25. g4 Qe7 26. Qxe7 Rxe7 27. gxf5 Bxf5 28. d6 cxd6 29. Rxd6 e3 30. Nd5 Re5 31. Rxe3 Rxe3 32. Nxe3 Bg6 33. Rd7 Rc8 34. Kc1 Rc6 35. c3 Kf8 36. Kd2 a5 37. Ra7 Rd6+ 38. Ke2 Bd3+ 39. Kf2 Rf6+ 40. Kg3 Be4 41. Ng4 Rf3+ 42. Kh4 b4 43. Rxa5 bxc3 44. bxc3 Rxc3 45. Re5 Bg6 46. Rb5 Bf7 47. b4 Rc4 48. Kg5 Be6 49. Nf6 Rc2 50. Rb8+ Ke7 51. Rb7+ Kd6 52. Nxh7 Rg2+ 53. Kf4 Rxh2 0-1

[Event "Titled Tuesday intern op 06th Feb Late"]
[Site "Chess.com INT"]
[Date "2024.02.06"]
[Round "5"]
[White "Rubio Tent, Francisco"]
[Black "Murthy, Pappu LN"]
[Result "1-0"]
[WhiteElo "2283"]
[BlackElo "1821"]
[PlyCount "65"]
[EventDate "2024.02.06"]
[EventType "swiss (blitz)"]
[EventRounds "11"]
[EventCountry "USA"]
[SourceTitle "CB07_2024"]
[SourceDate "2024.02.14"]
[SourceVersion "1"]
[SourceVersionDate "2024.02.14"]
[SourceQuality "1"]

1. d4 Nf6 2. Bf4 d5 3. e3 c5 4. c3 Nc6 5. Nd2 Bf5 6. Qb3 Qd7 7. Ngf3 c4 8. Qa4 e6 9. Nh4 Bg6 10. Nxg6 hxg6 11. e4 Be7 12. Be2 0-0 13. Bf3 a6 14. Qc2 b5 15. 0-0 Rfd8 16. Rfe1 Rac8 17. a3 a5 18. h3 b4 19. axb4 axb4 20. Qa4 Ra8 21. Qxa8 Rxa8 22. Rxa8+ Kh7 23. Rea1 dxe4 24. Nxe4 Nxe4 25. Bxe4 Nxd4 26. R8a7 Ne2+ 27. Kf1 Nxf4 28. Rxd7 Bc5 29. cxb4 Bxb4 30. Rxf7 e5 31. Raa7 Ne6 32. Ra6 Nf8 33. Rb6 1-0

[Event "Titled Tuesday intern op 05th Sep Late"]
[Site "Chess.com INT"]
[Date "2023.09.05"]
[Round "7"]
[White "Goltseva, Ekaterina"]
[Black "Rubio Tent, Francisco"]
[Result "1-0"]
[WhiteElo "2338"]
[BlackElo "2282"]
[PlyCount "47"]
[EventDate "2023.09.05"]
[EventType "swiss (blitz)"]
[EventRounds "11"]
[EventCountry "USA"]
[SourceTitle "EXT 2024"]
[Source "ChessBase"]
[SourceDate "2023.10.10"]
[SourceVersion "1"]
[SourceVersionDate "2023.10.10"]
[SourceQuality "1"]

1. c4 Nf6 2. Nf3 e6 3. Nc3 c6 4. e4 Be7 5. d4 d5 6. e5 Nfd7 7. cxd5 cxd5 8. Bd3 0-0 9. 0-0 Nc6 10. Be3 a6 11. Rc1 Qb6 12. Qe2 Nb4 13. Bb1 Re8 14. h4 g6 15. h5 Bf8 16. Ng5 Re7 17. Qg4 Bg7 18. Nxh7 Kxh7 19. hxg6+ fxg6 20. Qxg6+ Kg8 21. Qh7+ Kf8 22. Bg6 Bxe5 23. Bh6+ Bg7 24. Qh8# 1-0

[Event "Titled Tuesday intern op 05th Sep Late"]
[Site "Chess.com INT"]
[Date "2023.09.05"]
[Round "3"]
[White "Wanyama, Harold"]
[Black "Rubio Tent, Francisco"]
[Result "1-0"]
[WhiteElo "2288"]
[BlackElo "2282"]
[PlyCount "55"]
[EventDate "2023.09.05"]
[EventType "swiss (blitz)"]
[EventRounds "11"]
[EventCountry "USA"]
[SourceTitle "EXT 2024"]
[Source "ChessBase"]
[SourceDate "2023.10.10"]
[SourceVersion "1"]
[SourceVersionDate "2023.10.10"]
[SourceQuality "1"]

1. d4 Nf6 2. c4 e6 3. g3 d5 4. Bg2 Be7 5. Nf3 0-0 6. 0-0 c6 7. Qc2 Nbd7 8. Nbd2 a6 9. e4 dxe4 10. Nxe4 Nxe4 11. Qxe4 Nf6 12. Qe2 Qb6 13. Rd1 Rd8 14. h3 a5 15. Be3 Qa6 16. b3 a4 17. Ne5 Bd6 18. Rac1 axb3 19. axb3 Qa2 20. Qxa2 Rxa2 21. f4 Nd7 22. Ra1 Rb2 23. Ra8 Bxe5 24. dxe5 Rxb3 25. Rxd7 Rf8 26. Bc5 Rb1+ 27. Kh2 Re8 28. Rc7 1-0

[Event "Sueca op 7th"]
[Site "Sueca"]
[Date "2023.08.09"]
[Round "3"]
[White "Renteria Becerra, Jorge Elicer"]
[Black "Rubio Tent, Francisco"]
[Result "1/2-1/2"]
[WhiteElo "2210"]
[BlackElo "2297"]
[PlyCount "28"]
[EventDate "2023.08.07"]
[EventType "swiss"]
[EventRounds "9"]
[EventCountry "ESP"]
[SourceTitle "CBM 215 Extra"]
[Source "ChessBase"]
[SourceDate "2023.09.30"]
[SourceVersion "1"]
[SourceVersionDate "2023.09.30"]
[SourceQuality "1"]

1. e4 c6 2. d4 d5 3. e5 Bf5 4. h4 h5 5. Bg5 Qb6 6. Bd3 Bxd3 7. Qxd3 Qa6 8. Qh3 e6 9. Nc3 Ne7 10. Nge2 Nf5 11. 0-0 Nd7 12. Rad1 Be7 13. Ng3 Bxg5 14. hxg5 g6 1/2-1/2

[Event "Titled Tuesday intern op 01st Aug Late"]
[Site "Chess.com INT"]
[Date "2023.08.01"]
[Round "3"]
[White "Rubio Tent, Francisco"]
[Black "Ruge, Edison"]
[Result "0-1"]
[WhiteElo "2297"]
[BlackElo "2201"]
[PlyCount "62"]
[EventDate "2023.08.01"]
[EventType "swiss (blitz)"]
[EventRounds "11"]
[EventCountry "USA"]
[SourceTitle "EXT 2024"]
[Source "ChessBase"]
[SourceDate "2023.10.10"]
[SourceVersion "1"]
[SourceVersionDate "2023.10.10"]
[SourceQuality "1"]

1. e4 e5 2. Nf3 Nc6 3. Bb5 f5 4. exf5 e4 5. Bxc6 dxc6 6. Ne5 Nf6 7. 0-0 Qd4 8. Ng4 Bxf5 9. Nxf6+ Qxf6 10. Re1 0-0-0 11. Nc3 Bc5 12. Qe2 Rde8 13. Na4 Bd4 14. c3 Be5 15. b4 Qh4 16. g3 Qh3 17. Nc5 Bd6 18. d4 Bg4 19. Qf1 Qh5 20. Nxe4 Bf3 21. Nxd6+ cxd6 22. Bf4 Kc7 23. h4 h6 24. b5 g5 25. bxc6 gxf4 26. cxb7 fxg3 27. Qc4+ Kb8 28. Rxe8+ Rxe8 29. Qa4 gxf2+ 30. Kf1 Bxb7 31. Rb1 Qe2# 0-1

[Event "Titled Tuesday intern op 11th Jul Late"]
[Site "Chess.com INT"]
[Date "2023.07.11"]
[Round "11"]
[White "Di Berardino, Diego Rafael"]
[Black "Rubio Tent, Francisco"]
[Result "1-0"]
[WhiteElo "2484"]
[BlackElo "2297"]
[PlyCount "53"]
[EventDate "2023.07.11"]
[EventType "swiss (blitz)"]
[EventRounds "11"]
[EventCountry "USA"]
[SourceTitle "EXT 2024"]
[Source "ChessBase"]
[SourceDate "2023.10.10"]
[SourceVersion "1"]
[SourceVersionDate "2023.10.10"]
[SourceQuality "1"]

1. e4 c6 2. d4 d5 3. exd5 cxd5 4. c4 Nf6 5. Nc3 Bf5 6. Qb3 Qb6 7. cxd5 Qxb3 8. axb3 e6 9. dxe6 Bxe6 10. Bc4 Bxc4 11. bxc4 Bb4 12. Nge2 Ne4 13. 0-0 Nxc3 14. Nxc3 Bxc3 15. bxc3 0-0 16. c5 Nc6 17. Bf4 Rad8 18. Rfb1 Rd7 19. Bd6 Re8 20. d5 Ne7 21. Re1 Kf8 22. Rxa7 f6 23. Kf1 Kf7 24. Rxe7+ Rexe7 25. Bxe7 Rxe7 26. d6 Rd7 27. c6 1-0

[Event "Titled Tuesday intern op 11th Jul Late"]
[Site "Chess.com INT"]
[Date "2023.07.11"]
[Round "2"]
[White "Rubio Tent, Francisco"]
[Black "Guzman Lozano, Campo Elias"]
[Result "1-0"]
[WhiteElo "2297"]
[BlackElo "1924"]
[PlyCount "127"]
[EventDate "2023.07.11"]
[EventType "swiss (blitz)"]
[EventRounds "11"]
[EventCountry "USA"]
[SourceTitle "EXT 2024"]
[Source "ChessBase"]
[SourceDate "2023.10.10"]
[SourceVersion "1"]
[SourceVersionDate "2023.10.10"]
[SourceQuality "1"]

1. d4 Nf6 2. Bf4 d6 3. Nc3 Bf5 4. f3 h6 5. e4 Bh7 6. Bd3 Nfd7 7. Nge2 Nc6 8. 0-0 e5 9. Be3 Be7 10. a3 Bg5 11. Bf2 0-0 12. Bc4 a6 13. Ba2 Kh8 14. Qe1 f5 15. exf5 Bxf5 16. Qd1 Bf6 17. Nd5 exd4 18. Nxf6 Qxf6 19. Nxd4 Nxd4 20. Bxd4 Qg6 21. Rf2 Be6 22. Bxe6 Qxe6 23. Qe1 Qf7 24. Qc3 c5 25. Be3 d5 26. Qb3 d4 27. Qxf7 Rxf7 28. Bd2 Re8 29. Kf1 Rfe7 30. Re1 Rxe1+ 31. Bxe1 Ne5 32. Re2 Re7 33. Bg3 Ng6 34. Rxe7 Nxe7 35. Bd6 Nc6 36. Bxc5 Kg8 37. Ke2 Kf7 38. Kd3 Ke6 39. Bxd4 g6 40. Bg7 h5 41. g4 hxg4 42. fxg4 Kd5 43. h4 Ke6 44. h5 Kf7 45. h6 g5 46. Ke4 Ne7 47. Ke5 Kg6 48. Kd6 Nc6 49. Kc7 Na5 50. Kb6 Nc4+ 51. Kxb7 Ne3 52. Kxa6 Nxg4 53. b4 Nf6 54. b5 g4 55. Bf8 Ne4 56. b6 g3 57. b7 g2 58. b8Q g1Q 59. Qb7 Kf5 60. Qb5+ Kg4 61. Qd7+ Kf3 62. Qf5+ Ke3 63. Bc5+ Nxc5+ 64. Qxc5+ 1-0

[Event "Titled Tuesday intern op 29th Nov Late"]
[Site "Chess.com INT"]
[Date "2022.11.29"]
[Round "6"]
[White "Figorito, Nick"]
[Black "Rubio Tent, Francisco"]
[Result "0-1"]
[WhiteElo "2036"]
[BlackElo "2294"]
[PlyCount "110"]
[EventDate "2022.11.29"]
[EventType "swiss (blitz)"]
[EventRounds "11"]
[EventCountry "USA"]
[SourceTitle "EXT 2024"]
[Source "ChessBase"]
[SourceDate "2023.10.10"]
[SourceVersion "1"]
[SourceVersionDate "2023.10.10"]
[SourceQuality "1"]

1. Nf3 d5 2. g3 Nf6 3. Bg2 Bg4 4. 0-0 Nbd7 5. d4 c6 6. Nbd2 e6 7. b3 Be7 8. Bb2 0-0 9. a3 a5 10. Re1 Bh5 11. Nf1 Ne4 12. N1d2 Ndf6 13. Nxe4 Nxe4 14. Nd2 Nd6 15. Nf3 Bf6 16. Ne5 a4 17. Qd3 axb3 18. cxb3 Bg6 19. Nxg6 hxg6 20. a4 Qb6 21. Ba3 Rfd8 22. Bxd6 Rxd6 23. e3 Qb4 24. Rec1 Ra6 25. h4 Rb6 26. Rab1 Rd8 27. Qc3 Qxc3 28. Rxc3 Ra8 29. Rcc1 Be7 30. Bf1 Kf8 31. Bd3 Ba3 32. Rd1 Ke7 33. Kg2 Bd6 34. f4 Rb4 35. Kf3 b6 36. Rdc1 c5 37. dxc5 bxc5 38. Bb5 Kd8 39. Rh1 Kc7 40. Ke2 Kb6 41. Kd3 Ka5 42. Kc2 Re4 43. Kd3 Kb4 44. h5 gxh5 45. Rxh5 g6 46. Rh7 Rf8 47. g4 Ka3 48. a5 Kb4 49. a6 Kxb5 50. a7 Kb6 51. Rxf7 Ra8 52. Ra1 Bc7 53. Re7 Kc6 54. Ra6+ Kb5 55. Ra4 Bb6 0-1

[Event "Titled Tuesday intern op 29th Nov Late"]
[Site "Chess.com INT"]
[Date "2022.11.29"]
[Round "5"]
[White "Rubio Tent, Francisco"]
[Black "Djordjevic, Vuk D"]
[Result "0-1"]
[WhiteElo "2294"]
[BlackElo "2394"]
[PlyCount "54"]
[EventDate "2022.11.29"]
[EventType "swiss (blitz)"]
[EventRounds "11"]
[EventCountry "USA"]
[SourceTitle "EXT 2024"]
[Source "ChessBase"]
[SourceDate "2023.10.10"]
[SourceVersion "1"]
[SourceVersionDate "2023.10.10"]
[SourceQuality "1"]

1. e4 d5 2. e5 c5 3. c3 Bf5 4. d4 Nc6 5. Nf3 e6 6. a3 c4 7. Be2 Be7 8. Nbd2 g5 9. h3 h5 10. Nh2 h4 11. 0-0 Qd7 12. Ng4 0-0-0 13. b3 cxb3 14. Qxb3 f6 15. Bb2 fxe5 16. dxe5 Bc5 17. Rad1 Qc7 18. c4 d4 19. Nf3 Bxg4 20. hxg4 h3 21. g3 Nh6 22. Nxg5 Qxe5 23. Bf3 Qxg5 24. Kh2 Nxg4+ 25. Bxg4 Qxg4 26. Bc1 Qe4 27. Bf4 Qg2# 0-1

[Event "Titled Tuesday intern op 29th Nov Late"]
[Site "Chess.com INT"]
[Date "2022.11.29"]
[Round "1"]
[White "Rubio Tent, Francisco"]
[Black "Ibarra Jerez, Jose Carlos"]
[Result "0-1"]
[WhiteElo "2294"]
[BlackElo "2557"]
[PlyCount "58"]
[EventDate "2022.11.29"]
[EventType "swiss (blitz)"]
[EventRounds "11"]
[EventCountry "USA"]
[SourceTitle "EXT 2024"]
[Source "ChessBase"]
[SourceDate "2023.10.10"]
[SourceVersion "1"]
[SourceVersionDate "2023.10.10"]
[SourceQuality "1"]

1. e4 c5 2. Nf3 Nc6 3. c3 Nf6 4. e5 Nd5 5. d4 cxd4 6. cxd4 d6 7. Bc4 dxe5 8. Nxe5 e6 9. 0-0 Bd6 10. Re1 0-0 11. a3 Qh4 12. Nf3 Qh5 13. Nc3 Rd8 14. Ne4 Bc7 15. Qc2 Nxd4 16. Nxd4 Qxh2+ 17. Kf1 Qh1+ 18. Ke2 Qxg2 19. Nf3 Bf4 20. Bxd5 exd5 21. Nf6+ Kf8 22. Nxh7+ Kg8 23. Nf6+ Kf8 24. Bxf4 b6 25. Qh7 Ba6+ 26. Kd2 Qxf2+ 27. Kc3 Rac8+ 28. Kb4 Qxb2+ 29. Ka4 Qb5# 0-1

[Event "Titled Tuesday intern op 29th Nov Late"]
[Site "Chess.com INT"]
[Date "2022.11.29"]
[Round "11"]
[White "Rubio Tent, Francisco"]
[Black "Novikova, Galina"]
[Result "0-1"]
[WhiteElo "2294"]
[BlackElo "2073"]
[PlyCount "82"]
[EventDate "2022.11.29"]
[EventType "swiss (blitz)"]
[EventRounds "11"]
[EventCountry "USA"]
[SourceTitle "EXT 2024"]
[Source "ChessBase"]
[SourceDate "2023.10.10"]
[SourceVersion "1"]
[SourceVersionDate "2023.10.10"]
[SourceQuality "1"]

1. e4 e6 2. d4 d5 3. exd5 exd5 4. Nf3 Nf6 5. c4 Be7 6. Nc3 c6 7. Bd3 0-0 8. 0-0 Bg4 9. Re1 Nbd7 10. h3 Bh5 11. Bg5 Re8 12. g4 Bg6 13. Ne5 Bxd3 14. Qxd3 h6 15. Bh4 Nf8 16. Rad1 dxc4 17. Qxc4 Nd5 18. Bxe7 Rxe7 19. Nxd5 cxd5 20. Qb3 Ne6 21. Re3 Ng5 22. Rde1 Rc8 23. Kg2 Ne4 24. f3 Nf6 25. Rc3 Rxc3 26. Qxc3 Qe8 27. Rc1 Nd7 28. Nxd7 Rxd7 29. Re1 Re7 30. Rxe7 Qxe7 31. Qb3 Qe2+ 32. Kg3 Qe1+ 33. Kg2 Qd2+ 34. Kg3 Qxd4 35. Qxb7 Qg1+ 36. Kf4 Qd4+ 37. Kg3 Qe5+ 38. Kg2 Qe2+ 39. Kg3 Qe1+ 40. Kf4 g5+ 41. Kf5 Qe6# 0-1

[Event "Titled Tuesday intern op 29th Nov Late"]
[Site "Chess.com INT"]
[Date "2022.11.29"]
[Round "4"]
[White "Rubio Tent, Francisco"]
[Black "Pace, Christopher"]
[Result "1-0"]
[WhiteElo "2294"]
[BlackElo "2053"]
[PlyCount "85"]
[EventDate "2022.11.29"]
[EventType "swiss (blitz)"]
[EventRounds "11"]
[EventCountry "USA"]
[SourceTitle "EXT 2024"]
[Source "ChessBase"]
[SourceDate "2023.10.10"]
[SourceVersion "1"]
[SourceVersionDate "2023.10.10"]
[SourceQuality "1"]

1. e4 e5 2. Nf3 Nc6 3. Bb5 a6 4. Ba4 Nf6 5. d3 b5 6. Bb3 Bc5 7. c3 0-0 8. 0-0 d6 9. Re1 h6 10. Nbd2 Bb6 11. Nf1 Ne7 12. Ng3 Ng6 13. h3 Be6 14. d4 c5 15. d5 Bc8 16. Nh2 c4 17. Bc2 Nf4 18. Qf3 Nd7 19. Nf5 Nc5 20. Bxf4 exf4 21. Qxf4 Bxf5 22. exf5 f6 23. Re6 Nxe6 24. fxe6 f5 25. Re1 Qe7 26. Qf3 g5 27. Qh5 Kg7 28. Nf3 Rf6 29. h4 g4 30. Nh2 g3 31. Re2 gxh2+ 32. Kxh2 Rg8 33. g3 Kh8 34. Bxf5 Rxf5 35. Qxf5 Rf8 36. Qh5 Kg7 37. f4 Rf6 38. f5 Bc5 39. Re4 Bf2 40. Rg4+ Kh8 41. Kg2 Be3 42. Rg6 Rxg6 43. Qxg6 1-0

[Event "Titled Tuesday intern op 29th Nov Late"]
[Site "Chess.com INT"]
[Date "2022.11.29"]
[Round "3"]
[White "Wieczorek, Oskar"]
[Black "Rubio Tent, Francisco"]
[Result "1-0"]
[WhiteElo "2504"]
[BlackElo "2294"]
[PlyCount "37"]
[EventDate "2022.11.29"]
[EventType "swiss (blitz)"]
[EventRounds "11"]
[EventCountry "USA"]
[SourceTitle "EXT 2024"]
[Source "ChessBase"]
[SourceDate "2023.10.10"]
[SourceVersion "1"]
[SourceVersionDate "2023.10.10"]
[SourceQuality "1"]

1. e4 c6 2. d4 d5 3. Nd2 dxe4 4. Nxe4 Bf5 5. Ng3 Bg6 6. c3 Nd7 7. Nh3 Ngf6 8. Bc4 e6 9. Nf4 Nd5 10. Nfh5 N7f6 11. Bg5 Qb6 12. Bb3 Nxh5 13. Nxh5 a5 14. 0-0 a4 15. Bxd5 cxd5 16. b3 axb3 17. axb3 Rxa1 18. Qxa1 Bxh5 19. Qa4+ 1-0

[Event "Titled Tuesday intern op 22nd Nov Late"]
[Site "Chess.com INT"]
[Date "2022.11.22"]
[Round "5"]
[White "Ardila, Oscar Humberto"]
[Black "Rubio Tent, Francisco"]
[Result "0-1"]
[WhiteElo "1997"]
[BlackElo "2294"]
[PlyCount "94"]
[EventDate "2022.11.22"]
[EventType "swiss (blitz)"]
[EventRounds "11"]
[EventCountry "USA"]
[SourceTitle "CBM 211 Extra"]
[Source "ChessBase"]
[SourceDate "2023.01.31"]
[SourceVersion "1"]
[SourceVersionDate "2023.01.31"]
[SourceQuality "1"]

1. d4 d5 2. c4 c6 3. e3 Nf6 4. Nf3 a6 5. Nc3 b5 6. cxb5 cxb5 7. Be2 Bb7 8. 0-0 e6 9. a4 b4 10. Na2 Bd6 11. Bd2 a5 12. Bb5+ Nbd7 13. Nc1 0-0 14. Nd3 Ne4 15. Rc1 Rc8 16. Qe2 Qf6 17. Bxd7 Rcd8 18. Bc6 Ba6 19. Bb5 Bb7 20. Nde5 Qh6 21. h3 f6 22. Nc6 Ra8 23. Be1 g5 24. Nd2 f5 25. Nxe4 dxe4 26. f3 exf3 27. Qxf3 Kh8 28. Bg3 f4 29. exf4 gxf4 30. Bf2 Rac8 31. d5 e5 32. Nxa5 Ba8 33. Bc6 Qg6 34. Rfe1 Bxc6 35. Rxc6 Rce8 36. Nc4 e4 37. Bd4+ Kg8 38. Qg4 Qxg4 39. hxg4 Bb8 40. d6 Re6 41. Be5 f3 42. gxf3 exf3 43. Kf2 Ba7+ 44. Kf1 f2 45. Re2 Rh6 46. Rxf2 Rxf2+ 47. Ke1 Rh1# 0-1

[Event "Titled Tuesday intern op 22nd Nov Late"]
[Site "Chess.com INT"]
[Date "2022.11.22"]
[Round "10"]
[White "Rubio Tent, Francisco"]
[Black "Graif, William"]
[Result "1-0"]
[WhiteElo "2294"]
[BlackElo "2305"]
[PlyCount "53"]
[EventDate "2022.11.22"]
[EventType "swiss (blitz)"]
[EventRounds "11"]
[EventCountry "USA"]
[SourceTitle "CBM 211 Extra"]
[Source "ChessBase"]
[SourceDate "2023.01.31"]
[SourceVersion "1"]
[SourceVersionDate "2023.01.31"]
[SourceQuality "1"]

1. e4 e5 2. Nf3 Bc5 3. c3 d5 4. exd5 Nf6 5. d4 exd4 6. cxd4 Bb4+ 7. Nc3 0-0 8. Be2 Nxd5 9. Qb3 Re8 10. Ne5 Be6 11. Bc4 f6 12. Nd3 Bxc3+ 13. bxc3 Nf4 14. Bxe6+ Nxe6 15. 0-0 Kh8 16. Re1 Qd7 17. d5 Nc5 18. Rxe8+ Qxe8 19. Qd1 Nxd3 20. Qxd3 Qe1+ 21. Qf1 Qxc3 22. Be3 Nd7 23. Rc1 Qe5 24. Qb5 Nb6 25. a4 Qxd5 26. Qb4 c6 27. h3 1-0

[Event "Titled Tuesday intern op 22nd Nov Late"]
[Site "Chess.com INT"]
[Date "2022.11.22"]
[Round "6"]
[White "Salman, Pavel"]
[Black "Rubio Tent, Francisco"]
[Result "1-0"]
[WhiteElo "2287"]
[BlackElo "2294"]
[PlyCount "91"]
[EventDate "2022.11.22"]
[EventType "swiss (blitz)"]
[EventRounds "11"]
[EventCountry "USA"]
[SourceTitle "CBM 211 Extra"]
[Source "ChessBase"]
[SourceDate "2023.01.31"]
[SourceVersion "1"]
[SourceVersionDate "2023.01.31"]
[SourceQuality "1"]

1. Nf3 d5 2. g3 Nf6 3. Bg2 Bg4 4. d3 Nbd7 5. 0-0 c6 6. h3 Bh5 7. Qe1 e6 8. e4 Bxf3 9. Bxf3 Bd6 10. Nc3 0-0 11. Bg2 b5 12. a3 a5 13. f4 b4 14. axb4 axb4 15. Rxa8 Qxa8 16. Ne2 Bc5+ 17. Kh1 Qa7 18. e5 Ne8 19. g4 f5 20. gxf5 Rxf5 21. Ng3 Rf8 22. Nh5 g6 23. Ng3 Ng7 24. Qe2 Nf5 25. Qg4 Kh8 26. c3 bxc3 27. bxc3 Be3 28. Nxf5 gxf5 29. Qh4 Bxc1 30. Rxc1 Rg8 31. d4 Qa2 32. Rg1 Qa3 33. Qh6 Qe7 34. Ra1 Nf8 35. Bf3 Rg6 36. Qh5 Qg7 37. Qh4 Kg8 38. Qf2 Qh6 39. Kh2 Qg7 40. Ra8 h6 41. Bh5 Kh7 42. Bxg6+ Nxg6 43. Qg3 Qb7 44. Ra2 Qc7 45. Rg2 Qb7 46. Qxg6+ 1-0

[Event "Titled Tuesday intern op 11th Oct Late"]
[Site "Chess.com INT"]
[Date "2022.10.11"]
[Round "6"]
[White "Danielyan, Vahe"]
[Black "Rubio Tent, Francisco"]
[Result "1-0"]
[WhiteElo "2284"]
[BlackElo "2311"]
[PlyCount "81"]
[EventDate "2022.10.11"]
[EventType "swiss (blitz)"]
[EventRounds "11"]
[EventCountry "USA"]
[SourceTitle "EXT 2024"]
[Source "ChessBase"]
[SourceDate "2023.10.10"]
[SourceVersion "1"]
[SourceVersionDate "2023.10.10"]
[SourceQuality "1"]

1. e4 c6 2. d3 d5 3. Nd2 g6 4. Ngf3 Bg7 5. h4 h6 6. h5 g5 7. Be2 Bg4 8. e5 Nd7 9. d4 c5 10. c3 e6 11. Qa4 Ne7 12. dxc5 Bxf3 13. Nxf3 Nc6 14. Be3 Qc7 15. Rd1 0-0 16. 0-0 Ncxe5 17. Nxe5 Bxe5 18. b4 Bxc3 19. Bd3 Bg7 20. Bb1 Nf6 21. Qc2 Rfd8 22. f4 Ne4 23. fxg5 hxg5 24. Qe2 Nc3 25. Qd3 Nxd1 26. Qh7+ Kf8 27. h6 Be5 28. Rxd1 f5 29. Qg6 Qf7 30. Qxg5 Bf6 31. Qg3 d4 32. Bf4 Ke7 33. Bd6+ Ke8 34. Bd3 a6 35. Re1 Kd7 36. Qf3 Kc8 37. Rxe6 Qxe6 38. Bxf5 Re8 39. Bxe6+ Rxe6 40. Qd5 Re1+ 41. Kf2 1-0

[Event "Titled Tuesday intern op 11th Oct Late"]
[Site "Chess.com INT"]
[Date "2022.10.11"]
[Round "5"]
[White "Nasuta, Grzegorz"]
[Black "Rubio Tent, Francisco"]
[Result "1/2-1/2"]
[WhiteElo "2542"]
[BlackElo "2311"]
[PlyCount "88"]
[EventDate "2022.10.11"]
[EventType "swiss (blitz)"]
[EventRounds "11"]
[EventCountry "USA"]
[SourceTitle "EXT 2024"]
[Source "ChessBase"]
[SourceDate "2023.10.10"]
[SourceVersion "1"]
[SourceVersionDate "2023.10.10"]
[SourceQuality "1"]

1. e4 c6 2. d4 d5 3. e5 Bf5 4. Nf3 e6 5. Be2 Ne7 6. 0-0 Nd7 7. a4 c5 8. c3 Nc6 9. Be3 Be7 10. Na3 0-0 11. h3 h6 12. Bd3 Bxd3 13. Qxd3 Qb6 14. Nc2 Rac8 15. Rfb1 cxd4 16. cxd4 Nb4 17. Nxb4 Bxb4 18. a5 Bxa5 19. Qa3 Bb4 20. Qxa7 Ra8 21. Qxa8 Rxa8 22. Rxa8+ Kh7 23. Rc1 Nf8 24. h4 Kg6 25. Rcc8 Nd7 26. Rh8 h5 27. Rag8 Bf8 28. Rh6+ Kf5 29. Rxh5+ Ke4 30. Ng5+ Kd3 31. Nxf7 Qxb2 32. Rhh8 Be7 33. h5 Qb1+ 34. Kh2 Ke2 35. Rxg7 Qf5 36. Rg3 Bh4 37. Rh3 Bxf2 38. Bxf2 Qxf2 39. h6 Qxf7 40. h7 Qf4+ 41. Rg3 Qh4+ 42. Rh3 Qf4+ 43. Kh1 Qf1+ 44. Kh2 Qf4+ 1/2-1/2